000 01307pam a2200313 a 4500
001 2599751
003 OSt
005 20240626100546.0
008 970912s1998 enkab b 001 0 eng
010 _a 97041191
020 _a0471976814
040 _aDLC
_cmust
_dDLC
043 _ae-uk---
050 0 0 _aTD257
_b.C66 1998
082 0 0 _a333.916 COO 1998
_221
100 1 _aCook, Hadrian F.
_917913
245 1 4 _aThe protection and conservation of water resources :
_ba British perspective /
_cHadrian F. Cook.
260 _aChichester ;
_aNew York :
_bWiley,
_cc1998.
300 _axiv, 336 p. :
_bill., maps ;
_c25 cm.
504 _aIncludes bibliographical references (p. [313]-327) and index.
650 0 _aWater-supply
_zGreat Britain
_xManagement.
_917914
650 0 _aWater quality management
_zGreat Britain.
_917915
856 4 2 _3Contributor biographical information
_uhttp://www.loc.gov/catdir/bios/wiley042/97041191.html
856 4 2 _3Publisher description
_uhttp://www.loc.gov/catdir/description/wiley033/97041191.html
856 4 _3Table of Contents
_uhttp://www.loc.gov/catdir/toc/onix04/97041191.html
906 _a7
_bcbc
_corignew
_d1
_eocip
_f19
_gy-gencatlg
942 _2ddc
_cO_SHELF
999 _c8869
_d8869